| 000 -LEADER | |
|---|---|
| fixed length control field | 00365nam a22001457a 4500 |
| 005 - DATE AND TIME OF LATEST TRANSACTION | |
| control field | 20251007130510.0 |
| 008 - FIXED-LENGTH DATA ELEMENTS--GENERAL INFORMATION | |
| fixed length control field | 250929b |||||||| |||| 00| 0 eng d |
| 020 ## - INTERNATIONAL STANDARD BOOK NUMBER | |
| ISBN | 978-93-48189-01-1 |
| 041 ## - LANGUAGE CODE | |
| Language code of text/sound track or separate title | eng |
| 100 ## - MAIN ENTRY--AUTHOR NAME | |
| Personal name | CHATURVEDI, PRAMILA |
| 245 ## - TITLE STATEMENT | |
| Title | VISHW KE MAHAN VAIGYANIK |
| 260 ## - PUBLICATION, DISTRIBUTION, ETC. (IMPRINT) | |
| Place of publication | UTTAR PRADESH |
| Name of publisher | AKSHAR PLANT |
| Year of publication | 2024 |
| 300 ## - PHYSICAL DESCRIPTION | |
| Number of Pages | 85;P |
| 942 ## - ADDED ENTRY ELEMENTS (KOHA) | |
| Koha item type | Books |
| Lost status | Damaged status | Collection code | Home library | Current library | Shelving location | Date acquired | Source of acquisition | Serial Enumeration / chronology | Accession Number | Koha item type |
|---|---|---|---|---|---|---|---|---|---|---|
| BHARTIYA GYAN PARAMPARA | JRU Library | JRU Library | KAUTILYA BOOK SANGRAH | 29/09/2025 | PURCHASE | INVOICE NO-05, DATE-26/08/2025 | 28903 | Books |